000 00266nam a2200121Ia 4500
008 191201s2017 xx 000 0 und d
100 _aGANPATHI, S.L
245 0 _aLogistics Management
260 _bOxford
_c2017
300 _a582
650 _aBBA
942 _2ddc
_cBK
999 _c7027
_d7027